000 00347nam a2200133Ia 4500
005 20260326235445.0
008 260326s9999||||xx |||||||||||||| ||und||
100 _aGropp, Louis
245 0 _aSolar Houses :
_b 48 energy-saving Designs /
_cLouis Gropp
260 _bPantheon Books
300 _a160 p.
650 _aARQUITECTURA Y CLIMA
942 _cBK
999 _c7570
_d7570